000 00337nam a2200121Ia 4500
008 240731s9999 xx 000 0 und d
022 _a1744-4195
245 0 _aChristian Bioethics : Non-Ecumenical Studies in Medical Morality
260 _bRoutledge
856 _uhttps://www.tandfonline.com/loi/nchb20
942 _2ddc
942 _cTFEJ
999 _c75854
_d75854
945 _a1
_bMadushi Gamage
_c1
_dMadushi Gamage